000 00232nam a22000857a 4500
008 160706b xxu||||| |||| 00| 0 eng d
100 _92365
_a Manokaran, J
245 _aI Like the World
260 _a New Delhi
_b National Book Trust
_c1980
999 _c2042
_d2042